000 00648nam a2200229Ia 4500
005 20250508164539.0
008 008 250505s9999 xx 000 0 eng d
020 _a0-7100-6362-8
037 _aTextual
040 _aFEDL
_beng
_cFEDL
041 _aeng
_2eng
084 _a370.19, SWI
_qFEDL
100 _aSwift D F
_9291041
245 0 _aSociology of education: Introductory analytical perspectives
260 _aLondon, UK
_bRoutledge and Kegan Paul
_c1973
300 _ax,121p.
365 _aGBP
_b5.95
546 _aMACESE
650 _aEducation sociology
942 _cTEXL
_h370.19, SWI
999 _c1389717
_d1389717